000
00290nam a22001217a 4500
020
_a
831110594
082
_a
670.42 MOL
100
_a
MOLTRECHT, KARL HANS
_9
78939
245
_a
MACHINE SHOP PRACTICE VOLUME 1
260
_a
NEW YORK
_b
INDUSTRIAL PRESS
_c
1971
300
_a
399P
942
_c
BK
999
_c
584010
_d
584010